| 000 | 01740nam a2200481 c 4500 | ||
|---|---|---|---|
| 001 | 47421 | ||
| 003 | ES-MaCES | ||
| 005 | 20250526142651.0 | ||
| 007 | cr ||||||||||| | ||
| 008 | 160415s2015 sp 000 ||eng d | ||
| 017 |
_aNA 2337-2015 _bDL |
||
| 020 | _a9788490995518 | ||
| 040 |
_aES-MaCES _bspa _cES-MaCES |
||
| 245 | 0 | 0 |
_aGood practices in social Law _cdir., Cristina Sánchez-Rodas Navarro ; coord., Teresa Velasco Portero |
| 250 | _a1ª ed | ||
| 260 |
_aCizur Menor (Navarra) _bAranzadi-Thomson Reuters _c2015 |
||
| 300 |
_a269 p. _c23 cm |
||
| 490 | 1 | _aEstudios | |
| 500 | _aDisponible en formato electrónico mediante la aplicación PROVIEW | ||
| 504 | _aBibliografía: p. 265-269 | ||
| 541 | _cCompra | ||
| 650 | 4 |
_aderecho del trabajo _927165 |
|
| 650 | 4 |
_alegislación de seguridad social _929855 |
|
| 650 | 4 |
_arégimen universal de prestaciones _930153 |
|
| 650 | 4 |
_aprocedimiento administrativo _930919 |
|
| 650 | 4 |
_aprocedimiento laboral _930887 |
|
| 650 | 4 |
_aeficacia en relación con los costes _930289 |
|
| 650 | 4 |
_acódigo de conducta _929864 |
|
| 650 | 4 |
_arepertorio de recomendaciones prácticas _929261 |
|
| 650 | 4 |
_aderecho comunitario _929866 |
|
| 650 | 4 |
_aUE _926752 |
|
| 650 | 4 |
_aEspaña _926964 |
|
| 650 | 4 |
_aPaíses Bajos _926957 |
|
| 650 | 4 |
_aBulgaria _926936 |
|
| 650 | 4 |
_aderecho comparado _929868 |
|
| 653 | 1 | 0 | _aDerecho del trabajo y Seguridad Social |
| 700 | 1 |
_923334 _aSánchez-Rodas Navarro, Cristina |
|
| 700 | 1 |
_925662 _aVelasco Portero, Mª Teresa _ecoord. |
|
| 830 | 0 |
_aEstudios (Thomson Reuters-Aranzadi) _934937 |
|
| 856 | 4 |
_uhttps://legalteca.aranzadilaley.es/my-library?sponsor=82111144-IP _yLegalteca |
|
| 902 | _aLIB Libro | ||
| 942 |
_2CES _cBK _h6.0.1. |
||
| 999 |
_c47421 _d47421 |
||